Statistics for Countries Containing "A" In Their Name

Click here to take the quiz!

General Stats

  • This quiz has been taken 48 times
    (21 since last reset)
  • The average score is 61 of 89

Answer Stats

Country% Correct
Iceland
100%
Ireland
100%
Finland
94%
Japan
94%
Kazakhstan
94%
Spain
94%
Brazil
88%
France
88%
Germany
88%
Netherlands
88%
Norway
88%
Pakistan
88%
Tajikistan
88%
Turkmenistan
88%
Bahamas
82%
Honduras
82%
Israel
82%
Paraguay
82%
Poland
82%
Portugal
82%
San Marino
82%
Bhutan
76%
Chad
76%
Dominican Republic
76%
Iran
76%
Nepal
76%
Saint Kitts and Nevis
76%
Taiwan
76%
Uruguay
76%
Bangladesh
71%
Barbados
71%
Central African Republic
71%
Denmark
71%
Ecuador
71%
El Salvador
71%
Iraq
71%
Italy
71%
Kyrgyzstan
71%
Laos
71%
Madagascar
71%
New Zealand
71%
Oman
71%
Saint Vincent and the Grenadines
71%
South Sudan
71%
Sudan
71%
Ukraine
71%
Uzbekistan
71%
Bahrain
65%
Haiti
65%
Hungary
65%
Kuwait
65%
Lebanon
65%
Malawi
65%
Myanmar
65%
Palau
65%
Singapore
65%
Suriname
65%
Switzerland
65%
Thailand
65%
Trinidad and Tobago
65%
United Arab Emirates
65%
Vatican City
65%
Belarus
59%
Jordan
59%
Kiribati
59%
Mali
59%
Marshall Islands
59%
Mauritius
59%
Monaco
59%
Nauru
59%
Qatar
59%
Sierra Leone
59%
Vietnam
59%
Burkina Faso
53%
Cameroon
53%
Democratic Republic of the Congo
53%
Gabon
53%
Mozambique
53%
Sao Tome and Principe
53%
Senegal
53%
Vanuatu
53%
Cape Verde
47%
Eswatini
47%
Maldives
47%
Tuvalu
47%
East Timor
41%
Guinea-Bissau
41%
Solomon Islands
41%
Zimbabwe
41%

Score Distribution

Percentile by Number Answered

Percent of People with Each Score

Your Score History

You have not taken this quiz since the last reset